Inclusion: (Record no. 14137)
[ view plain ]
| 000 -LEADER | |
|---|---|
| fixed length control field | 00841nam a22002297a 4500 |
| 008 - FIXED-LENGTH DATA ELEMENTS--GENERAL INFORMATION | |
| fixed length control field | 160927b xxu||||| |||| 00| 0 eng d |
| 020 ## - INTERNATIONAL STANDARD BOOK NUMBER | |
| International Standard Book Number | 9780135154038 |
| 050 ## - LIBRARY OF CONGRESS CALL NUMBER | |
| Classification number | LC 1201 .M38 2010 |
| 100 ## - MAIN ENTRY--PERSONAL NAME | |
| Personal name | McLeskey,James |
| 245 ## - TITLE STATEMENT | |
| Title | Inclusion: |
| Remainder of title | effective practices for all students/ |
| Statement of responsibility, etc. | James McLeskey, Michael S. Rosenberg and David L. Westling |
| 250 ## - EDITION STATEMENT | |
| Edition statement | 1st ed. |
| 260 ## - PUBLICATION, DISTRIBUTION, ETC. (IMPRINT) | |
| Place of publication, distribution, etc. | Boston: |
| Name of publisher, distributor, etc. | PEARSON, |
| Date of publication, distribution, etc. | 2010 |
| 300 ## - PHYSICAL DESCRIPTION | |
| Extent | xxv, 484p. : |
| Other physical details | ill. ; |
| 500 ## - GENERAL NOTE | |
| General note | Includes reference and index |
| 650 ## - SUBJECT ADDED ENTRY--TOPICAL TERM | |
| Topical term or geographic name as entry element | Inclusive education |
| Geographic subdivision | United States |
| 650 ## - SUBJECT ADDED ENTRY--TOPICAL TERM | |
| Topical term or geographic name as entry element | Special Education |
| Geographic subdivision | United States |
| 650 ## - SUBJECT ADDED ENTRY--TOPICAL TERM | |
| Topical term or geographic name as entry element | Children with disabilities |
| General subdivision | Education |
| Geographic subdivision | United States |
| 650 ## - SUBJECT ADDED ENTRY--TOPICAL TERM | |
| Topical term or geographic name as entry element | Mainstreaming in Education |
| Geographic subdivision | United States |
| 700 ## - ADDED ENTRY--PERSONAL NAME | |
| Personal name | Rosenberg, Michael S. |
| 700 ## - ADDED ENTRY--PERSONAL NAME | |
| Personal name | Westling, David L. |
| 942 ## - ADDED ENTRY ELEMENTS (KOHA) | |
| Source of classification or shelving scheme | |
| Koha item type | Hard Covered Materials |
| Classification part | LC 1201 .M38 2010 |
| Withdrawn status | Lost status | Source of classification or shelving scheme | Damaged status | Not for loan | Home library | Current library | Shelving location | Date acquired | Source of acquisition | Total Checkouts | Full call number | Barcode | Date last seen | Price effective from | Koha item type |
|---|---|---|---|---|---|---|---|---|---|---|---|---|---|---|---|
| MACHAKOS UNIVERSITY LIBRARY | MACHAKOS UNIVERSITY LIBRARY | Open shelf | 27/09/2016 | Donation (BFA) | LC 1201 .M38 2010 | 25785 | 27/09/2016 | 27/09/2016 | Hard Covered Materials |